| 000 | 00597nam a2200241Ia 4500 | ||
|---|---|---|---|
| 003 | OSt | ||
| 005 | 20231107152732.0 | ||
| 008 | 210331s9999||||xx |||||||||||||| ||und|| | ||
| 020 | _a9780486409191 | ||
| 040 | _cSTCPL | ||
| 041 | _aENG | ||
| 082 |
_a516 _bCOX-B |
||
| 100 | _aCoxeter, H. S. M. | ||
| 245 | 4 |
_aThe beauty of geometry : _b Twelve essays / _cby H. S. M. Coxeter |
|
| 260 |
_aNew York : _bDover Publication Inc, _c1968. |
||
| 300 |
_a274 p. _bPB |
||
| 650 | _aGeometry | ||
| 650 | _aMathematics | ||
| 650 | _aLight signals | ||
| 942 | _cBK | ||
| 942 | _2ddc | ||
| 942 | _2ddc | ||
| 999 |
_c71978 _d71978 |
||